Привязка программного обеспечения к аппаратным средствам компьютера; Технологии Microsoft в теории и практике программирования

Bibliographic Details
Parent link:Технологии Microsoft в теории и практике программирования.— 2013.— [С. 341-343]
Main Author: Пилецкая А. Ю. Анастасия Юрьевна
Corporate Author: Национальный исследовательский Томский политехнический университет (ТПУ) Институт кибернетики (ИК) Кафедра автоматики и компьютерных систем (АИКС)
Summary:Заглавие с титульного листа.
The given article represents one of many ways to protect software and prevent it from illegal distribution, using unique set of hardware. Using .Net Framework allows simplifying getting the information from the main parts of hardware.
Language:Russian
Published: 2013
Series:Информационная безопасность
Subjects:
Online Access:http://www.lib.tpu.ru/fulltext/c/2013/C28/137.pdf
Format: MixedMaterials Electronic Book Chapter
KOHA link:https://koha.lib.tpu.ru/cgi-bin/koha/opac-detail.pl?biblionumber=603325

MARC

LEADER 00000naa2a2200000 4500
001 603325
005 20260227093341.0
035 |a (RuTPU)RU\TPU\conf\509 
035 |a RU\TPU\conf\419 
090 |a 603325 
100 |a 20140113d2013 k y0rusy50 ca 
101 0 |a rus 
102 |a RU 
135 |a drcn ---uucaa 
181 0 |a i  
182 0 |a b 
200 1 |a Привязка программного обеспечения к аппаратным средствам компьютера  |f А. Ю. Пилецкая 
203 |a Текст  |c электронный 
225 1 |a Информационная безопасность 
300 |a Заглавие с титульного листа. 
320 |a [Библиогр.: с. 343 (4 назв.)] 
330 |a The given article represents one of many ways to protect software and prevent it from illegal distribution, using unique set of hardware. Using .Net Framework allows simplifying getting the information from the main parts of hardware. 
337 |a Adobe Reader 
463 1 |0 (RuTPU)RU\TPU\conf\40  |t Технологии Microsoft в теории и практике программирования  |o сборник трудов X Всероссийской научно-практической конференции студентов, аспирантов и молодых ученых, г.Томск, 19-20 марта 2013 г.  |f Национальный исследовательский Томский политехнический университет (ТПУ), Институт кибернетики ; ред. кол. А. В. Лиепиньш и др.  |v [С. 341-343]  |d 2013 
610 1 |a электронный ресурс 
610 1 |a труды учёных ТПУ 
610 1 |a программное обеспечение 
610 1 |a привязка 
610 1 |a аппаратные средства 
610 1 |a компьютеры 
610 1 |a защита 
610 1 |a алгоритмы 
610 1 |a хэшифрование 
700 1 |a Пилецкая  |b А. Ю.  |c специалист в области информатики и вычислительной техники  |c техник Томского политехнического университета  |f 1991-  |g Анастасия Юрьевна  |3 (RuTPU)RU\TPU\pers\31668 
712 0 2 |a Национальный исследовательский Томский политехнический университет (ТПУ)  |b Институт кибернетики (ИК)  |b Кафедра автоматики и компьютерных систем (АИКС)  |3 (RuTPU)RU\TPU\col\18698 
801 2 |a RU  |b 63413507  |c 20230518  |g RCR 
856 4 |u http://www.lib.tpu.ru/fulltext/c/2013/C28/137.pdf 
942 |c BK